Формирование наночастиц в магнитном поле; Изотопы: технологии, материалы и применение

التفاصيل البيبلوغرافية
Parent link:Изотопы: технологии, материалы и применение.— 2018.— [С. 40]
المؤلف الرئيسي: Гамов Д. Л. Денис Леонидович
مؤلف مشترك: Национальный исследовательский Томский политехнический университет Инженерная школа ядерных технологий Отделение ядерно-топливного цикла
مؤلفون آخرون: Леонтьева Д. А. (научный руководитель), Еремеев Р. С., Мышкин В. Ф. Вячеслав Фёдорович
الملخص:Заглавие с титульного экрана
اللغة:الروسية
منشور في: 2018
سلاسل:Селекция веществ оптическими, электромагнитными, ИЦР, лазерными и плазменными методами. Диагностика и методы анализа веществ и примесей
الموضوعات:
الوصول للمادة أونلاين:http://earchive.tpu.ru/handle/11683/52379
التنسيق: الكتروني فصل الكتاب
KOHA link:https://koha.lib.tpu.ru/cgi-bin/koha/opac-detail.pl?biblionumber=628954

MARC

LEADER 00000naa2a2200000 4500
001 628954
005 20231101133534.0
035 |a (RuTPU)RU\TPU\conf\29328 
035 |a RU\TPU\conf\29327 
090 |a 628954 
100 |a 20190118d2018 k y0rusy50 ca 
101 0 |a rus 
102 |a RU 
105 |a y z 101zy 
135 |a drgn ---uucaa 
181 0 |a i  
182 0 |a b 
200 1 |a Формирование наночастиц в магнитном поле  |f Д. Л. Гамов, Д. А. Леонтьева, Р. С. Еремеев  |g науч. рук. В. Ф. Мышкин 
203 |a Текст  |c электронный 
225 1 |a Селекция веществ оптическими, электромагнитными, ИЦР, лазерными и плазменными методами. Диагностика и методы анализа веществ и примесей 
230 |a 1 компьютерный файл (pdf; 416 Кб) 
300 |a Заглавие с титульного экрана 
463 0 |0 (RuTPU)RU\TPU\conf\29266  |t Изотопы: технологии, материалы и применение  |o материалы V Международной научной конференции молодых ученых, аспирантов и студентов, г. Томск, 19-23 ноября 2018 г.  |f Национальный исследовательский Томский политехнический университет (ТПУ)  |v [С. 40]  |d 2018 
610 1 |a электронный ресурс 
610 1 |a труды учёных ТПУ 
610 1 |a формирование 
610 1 |a наночастицы 
610 1 |a магнитные поля 
610 1 |a плазменные процессы 
610 1 |a фазовые процессы 
610 1 |a нуклеация 
700 1 |a Гамов  |b Д. Л.  |c физик  |c заместитель начальника Томского политехнического университета  |f 1987-  |g Денис Леонидович  |2 stltpush  |3 (RuTPU)RU\TPU\pers\37576 
701 1 |a Леонтьева  |b Д. А. 
701 1 |a Еремеев  |b Р. С. 
702 1 |a Мышкин  |b В. Ф.  |c физик  |c профессор Томского политехнического университета, доктор физико-математических наук  |f 1962-  |g Вячеслав Фёдорович  |2 stltpush  |4 727 
712 0 2 |a Национальный исследовательский Томский политехнический университет  |b Инженерная школа ядерных технологий  |b Отделение ядерно-топливного цикла  |h 7864  |2 stltpush  |3 (RuTPU)RU\TPU\col\23554 
801 2 |a RU  |b 63413507  |c 20190122  |g RCR 
856 4 |u http://earchive.tpu.ru/handle/11683/52379 
942 |c BK